000 00755nam a2200265Ia 4500
003 OSt
005 20221005072902.0
006 a|||||r|||| 00| 0
007 ta
008 221004b |||||||| |||| 00| 0 eng d
020 _a9788174468956 (pbk)
_c420
024 _a12793
037 _b204, 27/12/2013, University Book House
_cTextual
040 _aCRL
_cCRL
_beng
041 _2eng
_aeng
082 _aX:9, Q0
100 _aRao V S P
245 0 _aHuman resource management
_b Text and cases
250 _a3rd
260 _aNew Delhi
_bExcel Books India
_c2010
300 _axxiii,839p.
_ccm.
650 _aECONOMICS
942 _hX:9, Q0
_cTEXL
_2cc
999 _c980207
_d980207